[Event "Mittelfranken-chTB1 1819"]
[Site "Mittelfranken"]
[Date "2019.04.28"]
[Round "9.6"]
[White "Zeyher, Marius"]
[Black "Kirchner, Norbert"]
[Result "1-0"]
[WhiteElo "1985"]
[BlackElo "1975"]
[PlyCount "133"]
[EventDate "2018.10.14"]
[EventType "team-tourn"]
[EventRounds "9"]
[EventCountry "GER"]
[SourceTitle "EXT 2022"]
[Source "ChessBase"]
[SourceDate "2021.10.06"]
[SourceVersion "1"]
[SourceVersionDate "2021.10.06"]
[SourceQuality "1"]
[WhiteTeam "Erlangen SC III"]
[BlackTeam "Heideck/Hilpoltstein"]
[WhiteTeamCountry "GER"]
[BlackTeamCountry "GER"]

1. d4 d5 2. c4 c6 3. Nf3 Nf6 4. e3 Bg4 5. Qb3 Qb6 6. Ne5 e6 7. Nxg4 Nxg4 8. Be2 Nf6 9. Nc3 Nbd7 10. 0-0 Qc7 11. Bd2 Bd6 12. g3 g5 13. e4 dxe4 14. Bxg5 Rg8 15. Bh4 e3 16. fxe3 Bxg3 17. hxg3 Rxg3+ 18. Kf2 Rh3 19. Rh1 Rh2+ 20. Kf3 Nh5 21. Rag1 Rxh1 22. Rxh1 Ndf6 23. Ne4 Nxe4 24. Kxe4 Ng3+ 25. Bxg3 Qxg3 26. Kd3 0-0-0 27. Qd1 e5 28. Qg1 Rxd4+ 29. Kc3 Qxg1 30. Rxg1 Rh4 31. Rf1 Rh2 32. Bg4+ Kc7 33. Rxf7+ Kd6 34. Rd7+ Kc5 35. Rxb7 e4 36. b4+ Kd6 37. Kd4 c5+ 38. bxc5+ Kc6 39. Rxa7 h5 40. Bf5 Rd2+ 41. Kc3 Re2 42. Bxe4+ Kxc5 43. Ra5+ Kb6 44. Rxh5 Rxe3+ 45. Kd4 Ra3 46. Rh6+ Kc7 47. Bb1 Rg3 48. Kc5 Rg5+ 49. Kb4 Rg2 50. Rh3 Rg8 51. Be4 Kb6 52. a4 Re8 53. Rh6+ Ka7 54. Bd5 Rb8+ 55. Kc5 Rc8+ 56. Kd6 Kb6 57. Kd7+ Ka7 58. Ra6+ Kxa6 59. Kxc8 Kb6 60. a5+ Ka7 61. Kd7 Kb8 62. c5 Ka7 63. c6 Kb8 64. Kd8 Ka8 65. c7+ Ka7 66. Bb7 Kxb7 67. c8Q+ 1-0

[Event "Regionalliga Nord-Ost 1819"]
[Site "Bayern"]
[Date "2019.01.20"]
[Round "5.7"]
[White "Zeyher, Marius"]
[Black "Auer, Guenther"]
[Result "1-0"]
[WhiteElo "1985"]
[BlackElo "1932"]
[PlyCount "61"]
[EventDate "2018.10.21"]
[EventType "team-tourn"]
[EventRounds "9"]
[EventCountry "GER"]
[SourceTitle "EXT 2022"]
[Source "ChessBase"]
[SourceDate "2021.10.06"]
[SourceVersion "1"]
[SourceVersionDate "2021.10.06"]
[SourceQuality "1"]
[WhiteTeam "Erlangen SC II"]
[BlackTeam "Altensittenbach"]
[WhiteTeamCountry "GER"]
[BlackTeamCountry "GER"]

1. d4 Nf6 2. c4 e5 3. dxe5 Ng4 4. Nf3 Bc5 5. e3 Nc6 6. Nc3 Ngxe5 7. Nxe5 Nxe5 8. Be2 0-0 9. 0-0 d6 10. b3 Re8 11. Na4 Qh4 12. Nxc5 dxc5 13. Qd5 c6 14. Qxc5 Ng4 15. Bxg4 Bxg4 16. f3 Bh5 17. e4 Bg6 18. Bg5 Qh5 19. h4 b6 20. Qxc6 f5 21. exf5 Bxf5 22. g4 Bxg4 23. fxg4 Qxg4+ 24. Qg2 Qd4+ 25. Kh1 Re4 26. Bf6 Rxh4+ 27. Bxh4 Qxh4+ 28. Kg1 Qd4+ 29. Kh2 Qe5+ 30. Qg3 Qh5+ 31. Kg2 1-0

[Event "Mittelfranken-chTB1 1819"]
[Site "Mittelfranken"]
[Date "2018.12.02"]
[Round "3.8"]
[White "Zeyher, Marius"]
[Black "Eichstaedt, Timm"]
[Result "1-0"]
[WhiteElo "1985"]
[BlackElo "1874"]
[PlyCount "67"]
[EventDate "2018.10.14"]
[EventType "team-tourn"]
[EventRounds "9"]
[EventCountry "GER"]
[SourceTitle "EXT 2022"]
[Source "ChessBase"]
[SourceDate "2021.10.06"]
[SourceVersion "1"]
[SourceVersionDate "2021.10.06"]
[SourceQuality "1"]
[WhiteTeam "Erlangen SC III"]
[BlackTeam "Herzogenaurach II"]
[WhiteTeamCountry "GER"]
[BlackTeamCountry "GER"]

1. d4 Nf6 2. c4 d6 3. Nc3 g6 4. Nf3 Bg7 5. g3 0-0 6. Bg2 Nbd7 7. 0-0 e5 8. e4 exd4 9. Nxd4 Re8 10. Re1 c6 11. h3 Qb6 12. Nc2 Ne5 13. b3 Be6 14. Be3 Qc7 15. Rc1 Qd7 16. f4 Nxc4 17. bxc4 Bxh3 18. Bd4 c5 19. Bf2 Bxg2 20. Kxg2 Ng4 21. Nd5 h5 22. Qf3 a6 23. Nb6 Qe6 24. Nxa8 Rxa8 25. Ne3 Nxf2 26. Kxf2 b5 27. Nd5 Rb8 28. cxb5 Rxb5 29. Rc2 Rb7 30. e5 Kh8 31. f5 gxf5 32. Qxh5+ Kg8 33. Nf6+ Kf8 34. Qh7 1-0

[Event "Regionalliga Nord-Ost 1819"]
[Site "Bayern"]
[Date "2018.11.11"]
[Round "2.8"]
[White "Roth, Hubert"]
[Black "Zeyher, Marius"]
[Result "1/2-1/2"]
[WhiteElo "1880"]
[BlackElo "1985"]
[PlyCount "130"]
[EventDate "2018.10.21"]
[EventType "team-tourn"]
[EventRounds "9"]
[EventCountry "GER"]
[SourceTitle "EXT 2022"]
[Source "ChessBase"]
[SourceDate "2021.10.06"]
[SourceVersion "1"]
[SourceVersionDate "2021.10.06"]
[SourceQuality "1"]
[WhiteTeam "Rothenburg"]
[BlackTeam "Erlangen SC II"]
[WhiteTeamCountry "GER"]
[BlackTeamCountry "GER"]

1. e4 e6 2. d4 d5 3. Nd2 Nf6 4. e5 Nfd7 5. f4 c5 6. c3 Nc6 7. Ndf3 Qb6 8. g3 cxd4 9. cxd4 Bb4+ 10. Kf2 f6 11. Kg2 0-0 12. Bd3 f5 13. Ne2 a5 14. h3 Qd8 15. g4 g6 16. Be3 Nb6 17. Ng3 Nc4 18. Qe2 Nxe3+ 19. Qxe3 Be7 20. gxf5 gxf5 21. h4 Nb4 22. Bb1 Bd7 23. a3 Nc6 24. Bd3 a4 25. Kh3 Na5 26. Qe2 Kh8 27. Rh2 Rc8 28. Rg1 Rg8 29. Rhg2 Qf8 30. Nh5 Rxg2 31. Rxg2 Qf7 32. Ng5 Bxg5 33. hxg5 Be8 34. Nf6 Qc7 35. g6 Bxg6 36. Rxg6 hxg6 37. Kg3 Kg7 38. Bb5 Qe7 39. Bd7 Rh8 40. Qb5 Nc6 41. Qxa4 Nb8 42. Bb5 Rc8 43. Ne8+ Kf8 44. Nf6 Nc6 45. Qd1 Qg7 46. Qh1 g5 47. Nh7+ Ke7 48. Nxg5 Nxd4 49. Bd3 Nc6 50. Qd1 Kd7 51. Bb5 Qe7 52. Qg1 Kc7 53. a4 Nxe5 54. Qe3 Nc6 55. Nxe6+ Kb8 56. Bxc6 Rxc6 57. Qe5+ Qd6 58. Qh8+ Rc8 59. Qe5 Qxe5 60. fxe5 Re8 61. Nc5 Kc7 62. Kf4 Kc6 63. Nb3 Kd7 64. Nc5+ Kc6 65. Nb3 Kd7 1/2-1/2

[Event "Regionalliga Nord-Ost 1718"]
[Site "Bayern"]
[Date "2018.03.18"]
[Round "8.7"]
[White "Zeyher, Marius"]
[Black "Seidl, Juergen"]
[Result "0-1"]
[WhiteElo "1904"]
[BlackElo "2006"]
[PlyCount "84"]
[EventDate "2017.10.22"]
[EventType "team-tourn"]
[EventRounds "9"]
[EventCountry "GER"]
[SourceTitle "EXT 2022"]
[Source "ChessBase"]
[SourceDate "2021.10.06"]
[SourceVersion "1"]
[SourceVersionDate "2021.10.06"]
[SourceQuality "1"]
[WhiteTeam "Erlangen SC II"]
[BlackTeam "Kareth Lappersdorf II"]
[WhiteTeamCountry "GER"]
[BlackTeamCountry "GER"]

1. d4 c5 2. d5 e5 3. c4 d6 4. Nc3 Ne7 5. g3 Ng6 6. Bg2 Be7 7. Nf3 Nd7 8. 0-0 h5 9. h4 Nf6 10. Bg5 Bg4 11. Ne1 a6 12. Nc2 Nh7 13. Bxe7 Qxe7 14. Qd3 Nf6 15. a3 0-0 16. b4 Qc7 17. b5 Ne7 18. e4 Bd7 19. a4 Nc8 20. Ne3 Ng4 21. Nxg4 Bxg4 22. f3 Bd7 23. f4 exf4 24. gxf4 Qd8 25. Qg3 Nb6 26. e5 Nxc4 27. Ne4 Bg4 28. bxa6 Rxa6 29. Qd3 dxe5 30. Qxc4 Qxh4 31. d6 Be6 32. Qxc5 exf4 33. Qf2 Qg4 34. Qxf4 Qg6 35. Kh1 Ra5 36. Rg1 Bg4 37. Qe3 f5 38. Ng5 Qxd6 39. Qb3+ Kh8 40. Nf7+ Rxf7 41. Qxf7 Qg3 42. Rae1 Qh4+ 0-1

[Event "Mittelfranken-chTB1 1718"]
[Site "Mittelfranken"]
[Date "2018.03.04"]
[Round "6.6"]
[White "Tapia Egoavil, Carlos"]
[Black "Zeyher, Marius"]
[Result "0-1"]
[WhiteElo "1799"]
[BlackElo "1904"]
[PlyCount "46"]
[EventDate "2017.10.08"]
[EventType "team-tourn"]
[EventRounds "9"]
[EventCountry "GER"]
[SourceTitle "EXT 2022"]
[Source "ChessBase"]
[SourceDate "2021.10.06"]
[SourceVersion "1"]
[SourceVersionDate "2021.10.06"]
[SourceQuality "1"]
[WhiteTeam "Rothenburg"]
[BlackTeam "Erlangen SC III"]
[WhiteTeamCountry "GER"]
[BlackTeamCountry "GER"]

1. e4 e6 2. d4 d5 3. Nc3 Bb4 4. e5 c5 5. a3 Bxc3+ 6. bxc3 Ne7 7. Bd3 Nbc6 8. Qg4 Qc7 9. Bd2 Bd7 10. Nf3 0-0-0 11. h4 f6 12. exf6 gxf6 13. Qh5 e5 14. dxe5 fxe5 15. Ng5 e4 16. Bb5 e3 17. Bxe3 Qa5 18. Bd3 Qxc3+ 19. Ke2 c4 20. Bxh7 d4 21. Nf7 dxe3 22. Nd6+ Kb8 23. fxe3 Qg7 0-1

[Event "Mittelfranken-chTB1 1718"]
[Site "Mittelfranken"]
[Date "2018.01.28"]
[Round "4.5"]
[White "Zeyher, Marius"]
[Black "Baumann, Mathias"]
[Result "0-1"]
[WhiteElo "1904"]
[BlackElo "1912"]
[PlyCount "78"]
[EventDate "2017.10.08"]
[EventType "team-tourn"]
[EventRounds "9"]
[EventCountry "GER"]
[SourceTitle "EXT 2022"]
[Source "ChessBase"]
[SourceDate "2021.10.06"]
[SourceVersion "1"]
[SourceVersionDate "2021.10.06"]
[SourceQuality "1"]
[WhiteTeam "Erlangen SC III"]
[BlackTeam "Nuernberg Zabo Eintracht"]
[WhiteTeamCountry "GER"]
[BlackTeamCountry "GER"]

1. d4 c5 2. d5 d6 3. c4 e5 4. Nc3 Be7 5. g3 Nf6 6. Bg2 Nbd7 7. Nf3 Nf8 8. 0-0 Ng6 9. a3 0-0 10. b4 b6 11. Nd2 h6 12. Rb1 Bd7 13. Nb3 Rc8 14. bxc5 bxc5 15. Nb5 Qb6 16. Bd2 a6 17. Ba5 Qb8 18. Nc3 Qa7 19. Nd2 Bd8 20. Bxd8 Rfxd8 21. Qc2 Ne7 22. Rb2 Rb8 23. Rfb1 Ne8 24. a4 Qc7 25. Rb3 a5 26. Nb5 Bxb5 27. cxb5 Nc8 28. Qc3 Nb6 29. Ra3 Qa7 30. Nc4 Nxc4 31. Qxc4 Qb6 32. h4 Nc7 33. g4 Na8 34. g5 h5 35. g6 Qa7 36. Bh3 fxg6 37. Rg3 Kh7 38. Qe4 Qf7 39. Rxg6 Qxg6+ 0-1

[Event "Wuerttemberg-ch KT"]
[Site "Stuttgart"]
[Date "2015.09.06"]
[Round "9"]
[White "Zeyher, Marius"]
[Black "Klaiss, Thomas"]
[Result "1/2-1/2"]
[WhiteElo "1918"]
[BlackElo "1979"]
[PlyCount "36"]
[EventDate "2015.08.29"]
[EventType "swiss"]
[EventRounds "9"]
[EventCountry "GER"]
[SourceTitle "EXT 2017"]
[Source "ChessBase"]
[SourceDate "2016.10.25"]
[SourceVersion "1"]
[SourceVersionDate "2016.10.25"]
[SourceQuality "1"]

1. d4 d5 2. c4 c6 3. Nf3 Nf6 4. e3 e6 5. b3 Bb4+ 6. Nbd2 Ne4 7. Bb2 f5 8. a3 Bxd2+ 9. Nxd2 0-0 10. g3 b6 11. Bg2 Ba6 12. Rc1 Nd7 13. 0-0 Nxd2 14. Qxd2 Nf6 15. Rfe1 Ne4 16. Qc2 Rc8 17. f3 Nf6 18. c5 b5 1/2-1/2

[Event "Stuttgart-chA int"]
[Site "Gerlingen"]
[Date "2007.05.20"]
[Round "7"]
[White "Schlachetzki, Horst"]
[Black "Zeyher, Marius"]
[Result "1/2-1/2"]
[WhiteElo "1984"]
[BlackElo "1936"]
[PlyCount "38"]
[EventDate "2007.05.17"]
[EventType "swiss"]
[EventRounds "7"]
[EventCountry "GER"]
[SourceTitle "EXT 2018"]
[Source "ChessBase"]
[SourceDate "2017.10.13"]
[SourceVersion "1"]
[SourceVersionDate "2017.10.13"]
[SourceQuality "1"]

1. e4 c5 2. Nf3 e6 3. d4 cxd4 4. Nxd4 a6 5. Bd3 Qc7 6. 0-0 Nf6 7. Kh1 d6 8. f4 Nbd7 9. Nb3 Be7 10. a4 b6 11. Nc3 Bb7 12. Qe2 h5 13. Bd2 h4 14. h3 e5 15. f5 Nh5 16. Be1 Nf4 17. Qf3 Nf6 18. Ne2 d5 19. Nd2 Nxe2 1/2-1/2

[Event "Stuttgart-chA int"]
[Site "Gerlingen"]
[Date "2007.05.18"]
[Round "4"]
[White "Zeyher, Marius"]
[Black "Jantos, Stefan"]
[Result "1-0"]
[WhiteElo "1936"]
[BlackElo "1864"]
[PlyCount "103"]
[EventDate "2007.05.17"]
[EventType "swiss"]
[EventRounds "7"]
[EventCountry "GER"]
[SourceTitle "EXT 2018"]
[Source "ChessBase"]
[SourceDate "2017.10.13"]
[SourceVersion "1"]
[SourceVersionDate "2017.10.13"]
[SourceQuality "1"]

1. e4 d5 2. exd5 Nf6 3. d4 Nxd5 4. Nf3 e6 5. c4 Nf6 6. Nc3 Be7 7. Be2 0-0 8. 0-0 c5 9. d5 exd5 10. cxd5 a6 11. a4 Qd6 12. Qb3 b6 13. Rd1 Bb7 14. g3 Qc7 15. Nh4 Bc8 16. Bf3 Bd6 17. Bg5 Ng4 18. Ne4 h6 19. Nxd6 hxg5 20. Nxc8 Qxc8 21. d6 Ra7 22. Qxb6 Ne5 23. Qxa7 gxh4 24. Qb7 Nxf3+ 25. Qxf3 hxg3 26. fxg3 Nd7 27. Re1 Qb8 28. Qc6 Nf6 29. Rad1 Qxb2 30. Qf3 Nd7 31. Qe2 Qb6 32. Qf2 Qb3 33. Qf4 c4 34. Rc1 c3 35. Qd4 c2 36. Re2 Rc8 37. Re7 Qa3 38. Qf4 Nf6 39. Rc7 Rd8 40. R7xc2 Nd5 41. Qg5 Qxd6 42. Qxd8+ Qxd8 43. Rc8 Qxc8 44. Rxc8+ Kh7 45. Rc6 f6 46. Rxa6 Kg6 47. a5 Kf5 48. Ra7 g5 49. Rb7 Ke5 50. a6 Kd6 51. a7 Nc7 52. Rxc7 1-0

[Event "Stuttgart-chA int"]
[Site "Gerlingen"]
[Date "2007.05.17"]
[Round "2"]
[White "Huhn, Stefan"]
[Black "Zeyher, Marius"]
[Result "1-0"]
[WhiteElo "2077"]
[BlackElo "1936"]
[PlyCount "79"]
[EventDate "2007.05.17"]
[EventType "swiss"]
[EventRounds "7"]
[EventCountry "GER"]
[SourceTitle "EXT 2018"]
[Source "ChessBase"]
[SourceDate "2017.10.13"]
[SourceVersion "1"]
[SourceVersionDate "2017.10.13"]
[SourceQuality "1"]

1. d4 Nf6 2. Bg5 Ne4 3. Bf4 c5 4. f3 Nf6 5. dxc5 Qa5+ 6. Nc3 Qxc5 7. e4 e6 8. Nb5 e5 9. Bg3 a6 10. Nc3 Nc6 11. Bf2 Qa5 12. Bc4 d6 13. Nge2 Be7 14. 0-0 0-0 15. Nd5 Nxd5 16. Bxd5 Be6 17. Nc3 Rac8 18. a3 Rfd8 19. b4 Qc7 20. Na4 Qb8 21. Nb6 Rc7 22. Qd3 Bf8 23. Rfd1 Ne7 24. c4 Bxd5 25. exd5 Ng6 26. Rac1 Nf4 27. Qd2 g6 28. Be3 Nh5 29. a4 f5 30. a5 f4 31. Bf2 Ng7 32. c5 Nf5 33. c6 bxc6 34. dxc6 d5 35. Nxd5 Nd4 36. Nxc7 Nxf3+ 37. gxf3 Rxd2 38. Rxd2 Qxc7 39. Rd7 Qb8 40. c7 1-0

[Event "GER-chT U16"]
[Site "Berlin"]
[Date "2005.12.28"]
[Round "3.3"]
[White "Marsel, Patrick"]
[Black "Zeyher, Marius"]
[Result "0-1"]
[WhiteElo "1947"]
[BlackElo "1611"]
[PlyCount "60"]
[EventDate "2005.12.27"]
[EventType "team-swiss"]
[EventRounds "7"]
[EventCountry "GER"]
[SourceTitle "EXT 2022"]
[Source "ChessBase"]
[SourceDate "2021.10.06"]
[SourceVersion "1"]
[SourceVersionDate "2021.10.06"]
[SourceQuality "1"]
[WhiteTeam "Dresden USV TU U16"]
[BlackTeam "Rommelshausen U16"]
[WhiteTeamCountry "GER"]
[BlackTeamCountry "GER"]

1. d4 Nf6 2. c4 g6 3. Nc3 Bg7 4. e4 d6 5. f3 0-0 6. Be3 e5 7. d5 c6 8. Nge2 cxd5 9. cxd5 a6 10. g4 h5 11. h3 Nbd7 12. Qd2 b5 13. b4 Nb6 14. Bg5 Nc4 15. Qc1 Qb6 16. Ng3 Kh7 17. a4 Bd7 18. axb5 axb5 19. Rxa8 Rxa8 20. h4 hxg4 21. h5 Kg8 22. hxg6 fxg6 23. Bxc4 bxc4 24. Bxf6 Bxf6 25. Rh6 Qg1+ 26. Nf1 gxf3 27. Rh2 f2+ 28. Rxf2 Bh4 29. Nd1 Bh3 30. Qxc4 Bxf2+ 0-1